000 00639nam a2200277Ia 4500
005 20260324134231.0
008 008 260324s9999 xx 000 0 eng d
020 _a9780203412701
037 _aEBOOK
040 _aCRL
040 _beng
040 _cCRL
041 _2eng
041 _aeng
084 _qCRL
100 _aHarold Perkin
_91196067
245 4 _aThe Origins of Modern English Society
260 _bTaylor and Francis
260 _c2002
365 _a
365 _b205
856 _uhttp://www.taylorfrancis.com/books/9780203412701
942 _cEBOOK
999 _c1795914
_d1795914